=LDR 00000nam 2200000 4500 =001 INLIS000000000012220 =005 20130612103746 =008 ***********************************Ind** =035 ##$$0010-061300000012220 =041 ##$$a Ind =082 ##$$a 574.015 195 =090 ##$$a 574.015 195, Pol p =100 ##$$a Pollet, A =245 ##$$a Penggunaan metode statistika untuk Ilmu hayati, A. Pollet, Narullah =260 ##$$a 1994 $b Yogyakarta =300 ##$$a 423 hlm., 21 cm =650 ##$$a Biologi =650 ##$$a Metode Statistika =700 ##$$a Nasrullah =850 ##$$a NBPNMAT =990 ##$$a 0001/BPAP-NTB/20142015 =990 ##$$a 0001/BPAP-NTB/2016